| 000 | 00432 a2200133 4500 | ||
|---|---|---|---|
| 005 | 20250312171119.0 | ||
| 020 | _a978-3-540-72423-0 | ||
| 082 | _a332 MIC | ||
| 245 | _aMicrofinance Investment Funds: Leveraging Private Capital for Economic Growth and Poverty Reduction | ||
| 260 |
_aNew York, _bSpringer, _c2007. |
||
| 300 |
_aix, 290p.: ill.; figure, table. _bIndex. _c24cm. |
||
| 700 | _aMAIER, I. M. & PISCHKE, J. D. | ||
| 942 |
_2ddc _cBKS |
||
| 999 |
_c507 _d507 |
||